Secret longings /

Saved in:
Bibliographic Details
Main Author: McCaffree, Sharon
Format: Book
Language:English
Published: Sydney : Harlequin, 1985.
Edition:1st Australian pbk. ed.
Series:Harlequin intimate encounter ; 109
LEADER 00836nam a2200241 a 4500
001 c000264020
003 CARM
005 20070704120746.0
008 070704s1985 xna 000 1 eng d
019 1 |a 45941487  |z 50071947  |5 LACONCORD2021 
020 |a 0373161107 (pbk.) 
035 |a (OCoLC)812541607  |5 LACONCORD2021 
040 |a VCAV  |b eng  |c VCAV 
042 |a anuc 
100 1 |a McCaffree, Sharon 
245 1 0 |a Secret longings /  |c Sharon McCaffree. 
250 |a 1st Australian pbk. ed. 
260 |a Sydney :  |b Harlequin,  |c 1985. 
300 |a 254 p. 
440 0 |a Harlequin intimate encounter ;  |v 109 
852 8 |b CARM  |h A1:AN10A0  |i A04417  |p 0381126  |f BK 
999 f f |i 6a5fab8c-dd25-5b42-9231-b13b6efce3bc  |s d14e504f-00cd-558c-b796-b20fd669152b 
952 f f |p Can circulate  |a CAVAL  |b CAVAL  |c CAVAL  |d CARM 1 Store  |e A04417  |f A1:AN10A0  |h Other scheme  |i book  |m 0381126